000 01111cam a22003497a 4500
003 CHAP
005 20220817040907.0
008 971013s1989 r 00010 d
010 _a2249
011 _a3221
035 _a2421
040 _cCHAP
090 _aFolleto 12584
100 0 0 _aBensusán Areous, Graciela.
_911686
245 1 3 _aLa Ley Federal del Trabajo
_b: una visión retrospectiva
260 _aMéxico, D. F. :
_bFundación Friedrich Ebert,
_c1989
300 _a59 p
490 0 _aDocumento de trabajo,24
500 _aD45-32
590 _aBATCH-UPD
_b10
_c20130110
_lUCH01
_h0029
590 _aBATCH-UPD
_b10
_c20130110
_lUCH01
_h2042
590 _aBATCH-UPD
_b10
_c20130409
_lUCH01
_h2012
590 _aBATCH-UPD
_b10
_c20130410
_lUCH01
_h1357
590 _aBATCH-UPD
_b10
_c20130914
_lUCH01
_h0605
590 _aCONVERSION
_b10
_c20130109
_lUCH01
_h1302
650 1 4 _aDerecho laboral
_xMéxico.
_931893
710 0 _aFundación Friedrich Ebert. México.
_943984
830 0 _aDocumento de trabajo,24
901 _aBK
942 _cFOLL
949 _aFolleto 12584
_bBC
_cFOLL
_d-11922
_eTS1
_i2421
_si
999 _c2249
_d2249